Statistiques concernant Chansons françaises les plus écoutées sur YouTube

Cliquez ici pour prendre le quiz!

Statistiques générales

  • Ce quiz a été pris 60 438 fois
    (22 749 depuis la dernière actualisation)
  • Le résultat moyen est 20 sur 26

Statistiques - réponses

VuesChansonsArtistes% Correct
457Est-ce que tu m'aimes ?(Maître) Gims
97%
590Bella(Maître) Gims
97%
588Sapés comme jamais(Maître) Gims
97%
593Hola Señorita(Maître) Gims | Maluma
97%
1025PapaoutaiStromae
97%
422Tous les mêmesStromae
97%
423Alors on danseStromae
97%
542CopinesAya Nakamura
95%
949DjadjaAya Nakamura
95%
1091Dernière danseIndila
94%
372Tourner dans le videIndila
94%
497Bande organiséeElams | Houari | Jul | Kofs | Naps | SCH | Solda | Soso Maness
90%
402AndalouseKendji Girac
90%
417On écrit sur les mursKids United
83%
533Ramenez la coupe à la maisonVegedream
78%
513ChocolatAwa Imani | Lartiste
75%
446MafiosaCaroliina | Lartiste
75%
373RéseauxNiska
74%
450Magic in the AirMagic System | Chawki
73%
401Bad boyMarwa Loud
58%
454Libérée, délivréeAnaïs Delva
41%
1028EgoWilly William
41%
736Les MenottesL'Algérino
40%
825ZemërDhurata Dora | Soolking
37%
379LibertéOuled EL Bahdja | Soolking
36%
441C'est la vieKhaled
33%

Distribution des résultats

Percentile par nombre de réponses

% des personnes avec chaque résultat

Votre développement - résultats

Vous n’avez pas pris ce quiz depuis la dernière actualisation